'A' First Names Quiz Stats

Quiz Updated May 29, 2012

Challenge
Share
Tweet
Embed
Score 0/20 Timer 04:00
17 Plays Today
% Correct
Abraham
96.7%
Albert
96.6%
Angelina
95.5%
Anne
95.3%
Amy
95.1%
Ashton
93.3%
Alfred
91.8%
Antonio
91.1%
Avril
91%
Amelia
90%
% Correct
Anthony
87.8%
Andre
81.8%
Alice
78.2%
Amerigo
71.6%
Andrea
60.4%
Ayn
57.3%
Aldous
54.4%
Adam
50.8%
Arthur
46.3%
Alan
39%

You're not logged in!

Compare scores with friends on all Sporcle quizzes.
Sign Up with Email
OR
Log In

You Might Also Like...

Show Comments

Extras

Top Quizzes Today


Score Distribution

Your Account Isn't Verified!

In order to create a playlist on Sporcle, you need to verify the email address you used during registration. Go to your Sporcle Settings to finish the process.